Querido Jesús. Educación básica
Guardat en:
| Autors principals: | , |
|---|---|
| Format: | Llibre |
| Idioma: | espanyol |
| Publicat: |
Santiago
SM
1998
|
| Edició: | 1a. ed |
| Col·lecció: | Religión católica, 3
|
| Matèries: | |
| Etiquetes: |
Afegir etiqueta
Sense etiquetes, Sigues el primer a etiquetar aquest registre!
|
MARC
| LEADER | 00000nam a2200000 a 4500 | ||
|---|---|---|---|
| 001 | UCH8073 | ||
| 003 | CL-VaPUC | ||
| 008 | 091127e19980000CL |||||||||||||||||spa|d | ||
| 020 | |a 9562641023 | ||
| 082 | 0 | 4 | |a 372.84 |b GAR |2 21 |
| 100 | |a García de Dios, Joaquín María |e author |9 544898 | ||
| 700 | 0 | |a Menéndez-Ponte, María |e author |9 544477 | |
| 245 | 1 | 0 | |a Querido Jesús. Educación básica |
| 250 | |a 1a. ed | ||
| 300 | |a 95 p | ||
| 942 | |c BK | ||
| 945 | |d 20091127 00:00:00 |a ccalabra | ||
| 260 | |a Santiago |b SM |c 1998 | ||
| 650 | 0 | |a Iglesia Católica |9 256114 | |
| 650 | 0 | |a Catolicismo |9 258690 | |
| 650 | 0 | |a Cristianismo |9 257361 | |
| 650 | 7 | |a EDUCACION CRISTIANA |2 CL-VaPUC |9 308333 | |
| 650 | 0 | |a Educación religiosa |9 308312 | |
| 650 | 0 | |a Educación |9 258661 | |
| 650 | 0 | |a Vida cristiana |9 258753 | |
| 650 | 0 | |a Religión católica |9 399371 | |
| 650 | 0 | |a Educación básica |9 224933 | |
| 583 | |a last modification |c 20091127 00:00:00 |k Rodrigo Vera | ||
| 490 | 0 | |a Religión católica, 3 | |
| 999 | |c 338324 |d 338322 | ||